[Event "Southern California-ch"]
[Site "Los Angeles"]
[Date "2010.08.14"]
[Round "1"]
[White "Gupta, Ankit"]
[Black "Lakdawala, Cyrus"]
[Result "1/2-1/2"]
[WhiteElo "2204"]
[BlackElo "2415"]
[PlyCount "87"]
[EventDate "2010.08.14"]
[EventType "tourn"]
[EventRounds "7"]
[EventCountry "USA"]
[EventCategory "2"]
[SourceTitle "CBM 138 Extra"]
[Source "ChessBase"]
[SourceDate "2010.10.29"]
[SourceVersion "1"]
[SourceVersionDate "2010.10.29"]
[SourceQuality "1"]

1. e4 d5 2. exd5 Qxd5 3. Nc3 Qd6 4. d4 Nf6 5. Bc4 a6 6. Nf3 b5 7. Bb3 Bb7 8. 0-0 e6 9. Re1 c5 10. a4 c4 11. Ba2 Qc6 12. Bg5 Nbd7 13. Qc1 Bb4 14. Qf4 Bxc3 15. bxc3 h6 16. Bxf6 Nxf6 17. Qg3 0-0 18. Ne5 Qc7 19. Rab1 Bd5 20. Rb4 Ne4 21. Qe3 Nd6 22. Qg3 Rfe8 23. f3 Ra7 24. Ng4 Kh7 25. Re5 f6 26. Re2 Qc6 27. Ne3 Rae7 28. Qg4 e5 29. Nf5 Nxf5 30. Qxf5+ g6 31. Qg4 h5 32. Qg3 exd4 33. Rxe7+ Rxe7 34. cxd4 Re2 35. h4 Qe6 36. Qc7+ Kh6 37. Qf4+ g5 38. hxg5+ fxg5 39. Qf8+ Kg6 40. axb5 Qe3+ 41. Kh2 Qd2 42. Qd6+ Re6 43. Qf8 Re2 44. Qd6+ 1/2-1/2

[Event "Southern California-ch"]
[Site "Los Angeles"]
[Date "2008.08.23"]
[Round "5"]
[White "Lakdawala, Cyrus"]
[Black "Lawrence, Danyul"]
[Result "1-0"]
[WhiteElo "2424"]
[BlackElo "2046"]
[PlyCount "75"]
[EventDate "2008.08.16"]
[EventType "tourn"]
[EventRounds "7"]
[EventCountry "USA"]
[EventCategory "3"]
[SourceTitle "CBM 126 Extra"]
[Source "ChessBase"]
[SourceDate "2008.11.05"]
[SourceVersion "1"]
[SourceVersionDate "2008.11.05"]
[SourceQuality "1"]

1. Nf3 c5 2. c3 Nf6 3. d4 e6 4. e3 d5 5. Nbd2 Bd6 6. Bd3 0-0 7. 0-0 b6 8. e4 cxd4 9. e5 dxc3 10. bxc3 Bxe5 11. Nxe5 Qc7 12. Qe2 Qxc3 13. Nb3 Qb4 14. Bd2 Qe7 15. Rac1 Nfd7 16. Rfe1 a5 17. Qh5 g6 18. Qf3 Nxe5 19. Rxe5 Nd7 20. Ree1 a4 21. Nd4 Qf6 22. Qxf6 Nxf6 23. Rc6 Ba6 24. Bxa6 Rxa6 25. a3 Nd7 26. Bb4 Nb8 27. Rc7 Re8 28. Rec1 Ra8 29. Rb7 Na6 30. Rxb6 Rec8 31. Rxc8+ Rxc8 32. Nc6 Ra8 33. Bd6 Kg7 34. f4 Kf6 35. Kf2 g5 36. Kf3 h5 37. h3 Kf5 38. g3 1-0

[Event "Western States op"]
[Site "Reno"]
[Date "2005.10.16"]
[Round "5"]
[White "Lakdawala, Cyrus"]
[Black "Vigorito, David"]
[Result "1-0"]
[WhiteElo "2489"]
[BlackElo "2423"]
[PlyCount "93"]
[EventDate "2005.10.14"]
[EventType "swiss"]
[EventRounds "6"]
[EventCountry "USA"]
[SourceTitle "EXT 2009"]
[Source "ChessBase"]
[SourceDate "2008.11.26"]
[SourceVersion "1"]
[SourceVersionDate "2008.11.26"]
[SourceQuality "1"]

1. d4 d5 2. c4 e6 3. Nf3 Nf6 4. Nc3 Bb4 5. e3 0-0 6. Bd2 b6 7. cxd5 exd5 8. Rc1 Bg4 9. Be2 c5 10. dxc5 bxc5 11. 0-0 Nbd7 12. Na4 Bxd2 13. Qxd2 Qe7 14. Rfe1 a5 15. h3 Be6 16. b3 Rfc8 17. Qb2 Qd6 18. Red1 h6 19. Ne1 Nb6 20. Qa3 Nxa4 21. Qxa4 Qb6 22. Nd3 Ra7 23. Bf3 g5 24. Qa3 Rac7 25. Qb2 Bf5 26. Qe5 Qe6 27. Qc3 c4 28. Qxa5 Bxd3 29. Rxd3 Rc5 30. Qb4 h5 31. Rd4 g4 32. hxg4 hxg4 33. Be2 g3 34. Bf3 c3 35. Rd3 gxf2+ 36. Kxf2 Ne4+ 37. Kg1 c2 38. Qd4 f5 39. a3 Rd8 40. Bxe4 fxe4 41. Rd2 Qc6 42. Qe5 Rd6 43. Rf2 Rg6 44. Qe7 Rg7 45. Rf8+ Kh7 46. Qh4+ Kg6 47. Qg4+ 1-0

[Event "Southern California-ch"]
[Site "Century City"]
[Date "2005.07.16"]
[Round "6"]
[White "Clawitter, Craig"]
[Black "Lakdawala, Cyrus"]
[Result "0-1"]
[WhiteElo "2176"]
[BlackElo "2428"]
[PlyCount "42"]
[EventDate "2005.07.09"]
[EventType "tourn"]
[EventRounds "7"]
[EventCountry "USA"]
[EventCategory "5"]
[SourceTitle "CBM 107 Extra"]
[Source "ChessBase"]
[SourceDate "2005.09.01"]
[SourceVersion "1"]
[SourceVersionDate "2005.09.01"]
[SourceQuality "1"]

1. e4 c5 2. Nf3 Nc6 3. Bc4 e6 4. 0-0 Nf6 5. Re1 Nxe4 6. Bxe6 dxe6 7. Rxe4 Be7 8. Nc3 0-0 9. b3 f6 10. Qf1 e5 11. Qc4+ Kh8 12. Bb2 Bf5 13. Re3 Nd4 14. Ne1 Qd7 15. Ne4 Rac8 16. c3 Ne6 17. Nf3 Nf4 18. g3 b5 19. Qf1 Bh3 20. Qd1 Nd3 21. Qc2 c4 0-1

[Event "Reno Far West op"]
[Site "Reno"]
[Date "2005.03.19"]
[Round "1"]
[White "Lakdawala, Cyrus"]
[Black "McCormick, James"]
[Result "1-0"]
[WhiteElo "2422"]
[BlackElo "2208"]
[PlyCount "65"]
[EventDate "2005.03.19"]
[EventType "swiss"]
[EventRounds "6"]
[EventCountry "USA"]
[SourceTitle "CBM 105 Extra"]
[Source "ChessBase"]
[SourceDate "2005.05.01"]
[SourceVersion "1"]
[SourceVersionDate "2005.05.01"]
[SourceQuality "1"]

1. Nf3 c5 2. c3 Nf6 3. d4 e6 4. e3 Be7 5. Nbd2 d5 6. Bd3 0-0 7. 0-0 cxd4 8. exd4 b6 9. Re1 Ba6 10. Bc2 Nbd7 11. Ne5 Rc8 12. Qf3 Bb7 13. Qh3 b5 14. Ndf3 Ne4 15. Nxd7 Qxd7 16. Ne5 Qd8 17. f3 Nf6 18. Bg5 g6 19. Bh6 b4 20. Re3 bxc3 21. bxc3 Qa5 22. f4 Qa3 23. Bxf8 Bxf8 24. Rb1 Ba6 25. Bb3 Ne4 26. Nxf7 Re8 27. Ng5 Nxg5 28. fxg5 Bc4 29. Rxe6 Rb8 30. Rf6 Re8 31. Bxc4 dxc4 32. Qd7 Re7 33. Qd5+ 1-0

[Event "Reno Far West op"]
[Site "Reno"]
[Date "2005.03.19"]
[Round "2"]
[White "Zaikov, Oleg"]
[Black "Lakdawala, Cyrus"]
[Result "1/2-1/2"]
[WhiteElo "2371"]
[BlackElo "2422"]
[PlyCount "44"]
[EventDate "2005.03.19"]
[EventType "swiss"]
[EventRounds "6"]
[EventCountry "USA"]
[SourceTitle "CBM 105 Extra"]
[Source "ChessBase"]
[SourceDate "2005.05.01"]
[SourceVersion "1"]
[SourceVersionDate "2005.05.01"]
[SourceQuality "1"]

1. d4 d5 2. c4 c6 3. Nf3 Nf6 4. Nc3 dxc4 5. a4 Bf5 6. e3 e6 7. Bxc4 Bb4 8. 0-0 0-0 9. Nh4 Bg4 10. f3 Bh5 11. g4 Nd5 12. Ng2 Bg6 13. Na2 Be7 14. e4 Nb4 15. Nxb4 Bxb4 16. h4 h6 17. g5 hxg5 18. hxg5 Nd7 19. Kf2 e5 20. Nh4 Bh5 21. Rh1 Nb6 22. Bb3 Qxd4+ 1/2-1/2

[Event "USA-ch"]
[Site "San Diego"]
[Date "2004.12.04"]
[Round "9"]
[White "Zilberstein, Dmitry"]
[Black "Lakdawala, Cyrus"]
[Result "0-1"]
[WhiteElo "2379"]
[BlackElo "2422"]
[PlyCount "120"]
[EventDate "2004.11.24"]
[EventType "swiss"]
[EventRounds "9"]
[EventCountry "USA"]
[SourceTitle "CBM 105"]
[Source "ChessBase"]
[SourceDate "2005.04.11"]
[SourceVersion "1"]
[SourceVersionDate "2005.04.11"]
[SourceQuality "1"]

1. e4 c5 2. Nf3 Nc6 3. d4 cxd4 4. Nxd4 Nf6 5. Nc3 e5 6. Ndb5 h6 7. Nd6+ Bxd6 8. Qxd6 Qe7 9. Nb5 Rb8 10. Qxe7+ Kxe7 11. b3 Nxe4 12. Ba3+ d6 13. 0-0-0 Rd8 14. f3 a6 15. fxe4 axb5 16. Bxb5 Ra8 17. Kb2 Bg4 18. Rd2 Ra5 19. c4 Nd4 20. Bb4 Raa8 21. a4 b6 22. Bc3 Ne6 23. h3 Bh5 24. b4 f6 25. Kb3 Rac8 26. Bb2 Rc7 27. Re1 Bf7 28. Re3 h5 29. Ka3 h4 30. a5 bxa5 31. bxa5 Nc5 32. Bc3 Ra8 33. Bb4 Be6 34. Kb2 Rb8 35. Ka3 Bd7 36. Bxd7 Kxd7 37. Rd5 Ra7 38. Re1 Ra6 39. Re3 Ke6 40. Re1 g6 41. Re2 f5 42. exf5+ gxf5 43. Rb2 f4 44. Be1 Rg8 45. Re2 Ra7 46. Ka2 Rc8 47. Rd4 Nb7 48. Rxf4 Nxa5 49. Bf2 Rb7 50. Rxh4 Ra8 51. Rh6+ Kf5 52. g4+ Kf4 53. Ka1 Kf3 54. Rc2 Nxc4+ 55. Ra2 Rxa2+ 56. Kxa2 Kxf2 57. g5 e4 58. Rf6+ Kg3 59. g6 Rg7 60. Kb3 Ne5 0-1

[Event "USA-ch"]
[Site "San Diego"]
[Date "2004.12.03"]
[Round "8"]
[White "Lakdawala, Cyrus"]
[Black "Friedel, Joshua E"]
[Result "1/2-1/2"]
[WhiteElo "2422"]
[BlackElo "2436"]
[PlyCount "106"]
[EventDate "2004.11.24"]
[EventType "swiss"]
[EventRounds "9"]
[EventCountry "USA"]
[SourceTitle "CBM 105"]
[Source "ChessBase"]
[SourceDate "2005.04.11"]
[SourceVersion "1"]
[SourceVersionDate "2005.04.11"]
[SourceQuality "1"]

1. d4 Nf6 2. Nf3 g6 3. c4 c5 4. Nc3 cxd4 5. Nxd4 d5 6. cxd5 Nxd5 7. Ndb5 Nxc3 8. Qxd8+ Kxd8 9. Nxc3 Bg7 10. Bd2 Nc6 11. g3 Be6 12. Bg2 Rc8 13. Rc1 Kd7 14. b3 f5 15. 0-0 Rhd8 16. Be3 Ke8 17. Nb5 Bd5 18. Nxa7 Nxa7 19. Bxa7 Bxg2 20. Kxg2 Ra8 21. Bb6 Rd6 22. Bc5 Rd2 23. a4 Rad8 24. Bb6 R8d7 25. e4 fxe4 26. Rc8+ Kf7 27. Rc4 Re2 28. Be3 Rd3 29. Rxe4 Rxb3 30. Rc1 Bc3 31. Kf1 Ra2 32. Bg5 e5 33. Be3 Ke6 34. Rc4 Bd2 35. Bxd2 Rxd2 36. Re1 Rbb2 37. Rf4 Ra2 38. Rf8 Ke7 39. Rf4 Ke6 40. Rf8 Ke7 41. Rf4 Kd6 42. Rf7 b6 43. Rb1 Ke6 44. Rf3 Rd6 45. Rfb3 Rdd2 46. Rf3 Rdb2 47. Rxb2 Rxb2 48. Ra3 e4 49. Kg1 Kf5 50. a5 e3 51. fxe3 bxa5 52. Rxa5+ Kg4 53. Ra4+ Kf3 1/2-1/2

[Event "Southern California-ch"]
[Site "Costa Mesa"]
[Date "2003.07.27"]
[Round "9"]
[White "Kretchetov, Alexandre"]
[Black "Lakdawala, Cyrus"]
[Result "1-0"]
[WhiteElo "2335"]
[BlackElo "2435"]
[PlyCount "43"]
[EventDate "2003.07.18"]
[EventType "tourn"]
[EventRounds "9"]
[EventCountry "USA"]
[EventCategory "5"]
[SourceTitle "CBM 095 Extra"]
[Source "ChessBase"]
[SourceDate "2003.09.04"]
[SourceVersion "1"]
[SourceVersionDate "2003.09.04"]
[SourceQuality "1"]

1. Nf3 c5 2. c4 Nc6 3. Nc3 g6 4. g3 Bg7 5. Bg2 e6 6. 0-0 Nge7 7. d4 Nxd4 8. Nxd4 cxd4 9. Nb5 Nf5 10. g4 Nh4 11. Nd6+ Kf8 12. b3 Nxg2 13. Kxg2 Qh4 14. h3 h5 15. g5 d3 16. Be3 Be5 17. Qxd3 Bf4 18. Bxf4 Qxf4 19. Qg3 Qxg3+ 20. fxg3 Rh7 21. e4 b6 22. e5 1-0

[Event "Southern California-ch"]
[Site "Costa Mesa"]
[Date "2003.07.19"]
[Round "2"]
[White "Khachiyan, Melikset"]
[Black "Lakdawala, Cyrus"]
[Result "1-0"]
[WhiteElo "2473"]
[BlackElo "2435"]
[PlyCount "57"]
[EventDate "2003.07.18"]
[EventType "tourn"]
[EventRounds "9"]
[EventCountry "USA"]
[EventCategory "5"]
[SourceTitle "CBM 095 Extra"]
[Source "ChessBase"]
[SourceDate "2003.09.04"]
[SourceVersion "1"]
[SourceVersionDate "2003.09.04"]
[SourceQuality "1"]

1. e4 c5 2. Nf3 Nc6 3. d4 cxd4 4. Nxd4 Nf6 5. Nc3 e5 6. Ndb5 h6 7. Bc4 a6 8. Nd6+ Bxd6 9. Qxd6 Qe7 10. Qxe7+ Kxe7 11. 0-0 d6 12. Nd5+ Nxd5 13. exd5 Nb8 14. f4 Nd7 15. a4 f6 16. Ra3 b6 17. Rb3 Bb7 18. fxe5 dxe5 19. Rg3 g5 20. b3 Kf7 21. Ba3 b5 22. Be2 Kg6 23. Bd3+ Kg7 24. c4 Rhe8 25. Be4 Rac8 26. Bf5 Rcd8 27. Rgf3 Nf8 28. Be4 bxc4 29. Rxf6 1-0

[Event "Linklater Memorial 6th"]
[Site "San Francisco"]
[Date "2002.04.09"]
[Round "7"]
[White "Lakdawala, Cyrus"]
[Black "Mezentsev, Vladimir Gen"]
[Result "1/2-1/2"]
[WhiteElo "2432"]
[BlackElo "2400"]
[PlyCount "35"]
[EventDate "2002.04.02"]
[EventType "tourn"]
[EventRounds "11"]
[EventCountry "USA"]
[EventCategory "4"]
[SourceTitle "EXT 2003"]
[Source "ChessBase"]
[SourceDate "2002.11.25"]
[SourceVersion "1"]
[SourceVersionDate "2002.11.25"]
[SourceQuality "1"]

1. d4 Nf6 2. Nf3 c5 3. e3 g6 4. c3 Qb6 5. Be2 Bg7 6. 0-0 0-0 7. Nbd2 d5 8. a4 a5 9. b3 Bf5 10. dxc5 Qxc5 11. Ba3 Qc7 12. Nd4 Nc6 13. Rc1 Rfc8 14. N2f3 Bd7 15. Nb5 Qd8 16. h3 Be8 17. Bb2 Ne4 18. Nd2 1/2-1/2

[Event "Southern California-ch"]
[Site "Los Angeles"]
[Date "2001.07.21"]
[Round "7"]
[White "Lakdawala, Cyrus"]
[Black "Akobian, Varuzhan"]
[Result "1-0"]
[WhiteElo "2438"]
[BlackElo "2442"]
[PlyCount "74"]
[EventDate "2001.07.14"]
[EventType "tourn"]
[EventRounds "7"]
[EventCountry "USA"]
[EventCategory "6"]
[SourceTitle "CBM 083 Extra"]
[Source "ChessBase"]
[SourceDate "2001.09.11"]
[SourceVersion "1"]
[SourceVersionDate "2001.09.11"]
[SourceQuality "1"]

1. d4 e6 2. Nf3 c5 3. e3 d5 4. Nbd2 Nf6 5. c3 Nbd7 6. Bd3 Bd6 7. 0-0 0-0 8. Re1 b6 9. e4 dxe4 10. Nxe4 Nxe4 11. Bxe4 Rb8 12. Bc2 Bb7 13. Qd3 g6 14. Bh6 Re8 15. Rad1 Bf8 16. Bf4 Rc8 17. dxc5 Nxc5 18. Qe3 Qe7 19. Bd6 Qf6 20. Be5 Qe7 21. Bd6 Qf6 22. Ne5 Bxd6 23. Rxd6 Be4 24. Ng4 Qe7 25. b4 Qxd6 26. Nf6+ Kf8 27. bxc5 Qd8 28. Qh6+ Ke7 29. Nxe4 Qd5 30. Bb3 Qe5 31. f4 Qf5 32. Qh4+ Kf8 33. Qxh7 Red8 34. cxb6 axb6 35. Ng5 Qf6 36. Rxe6 Rd1+ 37. Bxd1 fxe6 1-0

[Event "Southern California-ch"]
[Site "Los Angeles"]
[Date "2001.07.21"]
[Round "6"]
[White "Matikozian, Andranik"]
[Black "Lakdawala, Cyrus"]
[Result "1/2-1/2"]
[WhiteElo "2406"]
[BlackElo "2438"]
[PlyCount "75"]
[EventDate "2001.07.14"]
[EventType "tourn"]
[EventRounds "7"]
[EventCountry "USA"]
[EventCategory "6"]
[SourceTitle "CBM 083 Extra"]
[Source "ChessBase"]
[SourceDate "2001.09.11"]
[SourceVersion "1"]
[SourceVersionDate "2001.09.11"]
[SourceQuality "1"]

1. g3 d5 2. Bg2 e5 3. d3 c6 4. Nf3 Bd6 5. 0-0 Nf6 6. Nbd2 0-0 7. e4 Re8 8. Re1 Nbd7 9. c3 a5 10. Qc2 a4 11. d4 exd4 12. cxd4 Nxe4 13. Nxe4 dxe4 14. Rxe4 Rxe4 15. Qxe4 Nf6 16. Qc2 h6 17. Bd2 Be6 18. a3 Nd5 19. Re1 Bc7 20. Be3 Ne7 21. Ne5 Nf5 22. Qe4 Ra5 23. Bf1 Qd5 24. Qxd5 Rxd5 25. Nf3 Rd8 26. Bd3 Bb6 27. Bc2 Bd5 28. Nd2 Nxe3 29. fxe3 Ba5 30. Re2 b5 31. Bd3 Bb6 32. Be4 c5 33. dxc5 Bxc5 34. Bxd5 Rxd5 35. Ne4 Be7 36. Kf2 b4 37. axb4 Bxb4 38. Nc3 1/2-1/2

[Event "Southern California-ch"]
[Site "Los Angeles"]
[Date "2001.07.15"]
[Round "4"]
[White "Peters, Jack"]
[Black "Lakdawala, Cyrus"]
[Result "1/2-1/2"]
[WhiteElo "2462"]
[BlackElo "2438"]
[PlyCount "113"]
[EventDate "2001.07.14"]
[EventType "tourn"]
[EventRounds "7"]
[EventCountry "USA"]
[EventCategory "6"]
[SourceTitle "CBM 083 Extra"]
[Source "ChessBase"]
[SourceDate "2001.09.11"]
[SourceVersion "1"]
[SourceVersionDate "2001.09.11"]
[SourceQuality "1"]

1. e4 e6 2. d4 d5 3. Nd2 c5 4. exd5 Qxd5 5. Ngf3 cxd4 6. Bc4 Qd8 7. 0-0 Nc6 8. Nb3 Nf6 9. Nbxd4 Nxd4 10. Nxd4 a6 11. Re1 Qc7 12. Qe2 Bd6 13. Nf3 b5 14. Bd3 Bb7 15. Ne5 0-0 16. Bf4 Nd5 17. Bg3 Nb4 18. Rad1 Rad8 19. c3 Nxd3 20. Rxd3 f6 21. Ng4 e5 22. Red1 Be7 23. f3 Rxd3 24. Rxd3 Rd8 25. Ne3 Rxd3 26. Qxd3 Qd6 27. Qxd6 Bxd6 28. Bf2 Kf7 29. Nf5 Bf8 30. Bb6 Ke6 31. Ne3 f5 32. Kf2 Bd6 33. Nf1 e4 34. Nd2 Bxh2 35. fxe4 Be5 36. exf5+ Kxf5 37. Nb3 Bd5 38. Nc5 Bxa2 39. Nxa6 Bd5 40. Nb4 Be4 41. Be3 h5 42. Na6 h4 43. Nc5 Bd5 44. Kg1 g5 45. Bf2 Bf6 46. Nd7 Bg7 47. Kh2 Bc6 48. Nb6 Be5+ 49. Kg1 Ke4 50. c4 b4 51. b3 Kd3 52. Nd5 Bxd5 53. cxd5 Bd6 54. Bb6 g4 55. Bd8 h3 56. gxh3 gxh3 57. Ba5 1/2-1/2

[Event "Southern California-ch"]
[Site "Los Angeles"]
[Date "2001.07.14"]
[Round "2"]
[White "Altounian, Levon"]
[Black "Lakdawala, Cyrus"]
[Result "1-0"]
[WhiteElo "2441"]
[BlackElo "2438"]
[PlyCount "81"]
[EventDate "2001.07.14"]
[EventType "tourn"]
[EventRounds "7"]
[EventCountry "USA"]
[EventCategory "6"]
[SourceTitle "CBM 083 Extra"]
[Source "ChessBase"]
[SourceDate "2001.09.11"]
[SourceVersion "1"]
[SourceVersionDate "2001.09.11"]
[SourceQuality "1"]

1. e4 e5 2. Nf3 Nc6 3. d4 exd4 4. Bc4 Nf6 5. e5 d5 6. Bb5 Ne4 7. Nxd4 Bd7 8. Bxc6 bxc6 9. 0-0 Bc5 10. f3 Ng5 11. f4 Ne6 12. Be3 g6 13. c3 Bb6 14. Nd2 c5 15. Nxe6 Bxe6 16. Qa4+ Qd7 17. Qa3 Qc6 18. Nb3 c4 19. Nd4 Qc5 20. Qa4+ Bd7 21. Qc2 Qe7 22. Qd2 c5 23. Ne2 Be6 24. Ng3 Qd7 25. f5 gxf5 26. Bg5 Bd8 27. Nh5 Bxg5 28. Qxg5 Qe7 29. Nf6+ Kd8 30. Rad1 Kc8 31. Qe3 Rd8 32. Rd2 Qc7 33. Rfd1 Qc6 34. Nxh7 Rb8 35. Nf6 Kc7 36. Qf2 d4 37. cxd4 cxd4 38. Rxd4 Rxd4 39. Qxd4 c3 40. Qxa7+ Kc8 41. Rd8+ 1-0

[Event "Linklater Memorial"]
[Site "San Francisco"]
[Date "2001.03.06"]
[Round "9"]
[White "Shahade, Gregory P"]
[Black "Lakdawala, Cyrus"]
[Result "1-0"]
[WhiteElo "2456"]
[BlackElo "2436"]
[PlyCount "61"]
[EventDate "2001.02.26"]
[EventType "tourn"]
[EventRounds "10"]
[EventCountry "USA"]
[EventCategory "8"]
[SourceTitle "CBM 082"]
[Source "ChessBase"]
[SourceDate "2001.05.17"]
[SourceVersion "1"]
[SourceVersionDate "2001.05.17"]
[SourceQuality "1"]

1. e4 d6 2. d4 Nf6 3. Nc3 e5 4. Nf3 Nbd7 5. Bc4 Be7 6. 0-0 0-0 7. Re1 c6 8. a4 b6 9. d5 cxd5 10. Nxd5 Nxd5 11. Bxd5 Rb8 12. Qd3 Nf6 13. Bb3 h6 14. Nd2 Bb7 15. Nf1 Re8 16. Ng3 Bf8 17. Nf5 d5 18. Qg3 Kh7 19. exd5 Nxd5 20. Ne3 Nxe3 21. Bxe3 Qc7 22. h4 Rbd8 23. Rad1 f5 24. h5 f4 25. Qg6+ Kh8 26. Bxf4 exf4 27. Qxe8 Rxe8 28. Rxe8 Qc5 29. Rdd8 Qxh5 30. Rxf8+ Kh7 31. Bg8+ 1-0

[Event "Linklater Memorial"]
[Site "San Francisco"]
[Date "2001.03.02"]
[Round "5"]
[White "Lakdawala, Cyrus"]
[Black "Wojtkiewicz, Aleksander"]
[Result "1/2-1/2"]
[WhiteElo "2436"]
[BlackElo "2572"]
[PlyCount "21"]
[EventDate "2001.02.26"]
[EventType "tourn"]
[EventRounds "10"]
[EventCountry "USA"]
[EventCategory "8"]
[SourceTitle "CBM 082"]
[Source "ChessBase"]
[SourceDate "2001.05.17"]
[SourceVersion "1"]
[SourceVersionDate "2001.05.17"]
[SourceQuality "1"]

1. d4 Nf6 2. Nf3 g6 3. c4 Bg7 4. Nc3 0-0 5. e4 c6 6. Bd3 d6 7. h3 a6 8. 0-0 b5 9. e5 dxe5 10. dxe5 Nfd7 11. e6 1/2-1/2

[Event "Linklater Memorial"]
[Site "San Francisco"]
[Date "2001.02.26"]
[Round "1"]
[White "Lakdawala, Cyrus"]
[Black "Krechetov, Alexandr"]
[Result "1-0"]
[WhiteElo "2436"]
[BlackElo "2300"]
[PlyCount "63"]
[EventDate "2001.02.26"]
[EventType "tourn"]
[EventRounds "10"]
[EventCountry "USA"]
[EventCategory "8"]
[SourceTitle "CBM 082"]
[Source "ChessBase"]
[SourceDate "2001.05.17"]
[SourceVersion "1"]
[SourceVersionDate "2001.05.17"]
[SourceQuality "1"]

1. Nf3 Nf6 2. c4 g6 3. Nc3 Bg7 4. e4 d6 5. d4 0-0 6. Be2 Bg4 7. Be3 Nfd7 8. Rc1 a6 9. d5 c5 10. a4 Bxf3 11. Bxf3 Qb6 12. b3 e5 13. h4 f5 14. h5 Rf7 15. hxg6 hxg6 16. exf5 gxf5 17. Bh5 Re7 18. Bg6 f4 19. Bd2 Nf6 20. Bf5 Nbd7 21. Be6+ Kf8 22. g3 Rae8 23. gxf4 Rxe6 24. dxe6 Rxe6 25. Kf1 exf4 26. Bxf4 Ne5 27. Bxe5 Rxe5 28. Rh3 Rf5 29. Qd3 Rf4 30. Ne2 Rg4 31. Rd1 Ne4 32. f3 1-0

[Event "Koltanowski Memorial op"]
[Site "San Francisco"]
[Date "2000.12.20"]
[Round "7"]
[White "Shulman, Yuri"]
[Black "Lakdawala, Cyrus"]
[Result "1/2-1/2"]
[WhiteElo "2548"]
[BlackElo "2434"]
[PlyCount "97"]
[EventDate "2000.12.14"]
[EventType "swiss"]
[EventRounds "9"]
[EventCountry "USA"]
[SourceTitle "CBM 079 Extra"]
[Source "ChessBase"]
[SourceDate "2001.01.11"]
[SourceVersion "2"]
[SourceVersionDate "2001.01.25"]
[SourceQuality "1"]

1. d4 d5 2. c4 c6 3. Nf3 Nf6 4. Nc3 dxc4 5. a4 Bf5 6. Ne5 Na6 7. e3 Nb4 8. Bxc4 e6 9. 0-0 Bd6 10. Qe2 h6 11. e4 Bh7 12. Bf4 0-0 13. Rad1 Qc7 14. Bg3 Rae8 15. Kh1 Nd7 16. f4 Kh8 17. Qh5 Nf6 18. Qf3 Ng8 19. Bb3 f5 20. Nc4 Qb8 21. e5 Bc7 22. Ne3 Qc8 23. Be1 a5 24. Na2 Nd5 25. Bxd5 cxd5 26. Bh4 Ne7 27. Bxe7 Rxe7 28. Nc3 Bg6 29. Ncxd5 exd5 30. Nxd5 Rd7 31. e6 Rd6 32. Rc1 Rc6 33. Ne7 Qxe6 34. Nxc6 bxc6 35. Rfe1 Qf7 36. Rxc6 Rd8 37. d5 Bd6 38. Re6 Bh5 39. Qe3 Bb4 40. Qe5 Kg8 41. d6 Qf8 42. h3 Rd7 43. Re7 Rxe7 44. dxe7 Qxe7 45. Rc8+ Kh7 46. Qxf5+ Bg6 47. Qd5 Be4 48. Qg8+ Kg6 49. Qc4 1/2-1/2

[Event "Koltanowski Memorial op"]
[Site "San Francisco"]
[Date "2000.12.18"]
[Round "5"]
[White "Kraai, Jesse"]
[Black "Lakdawala, Cyrus"]
[Result "1/2-1/2"]
[WhiteElo "2430"]
[BlackElo "2434"]
[PlyCount "56"]
[EventDate "2000.12.14"]
[EventType "swiss"]
[EventRounds "9"]
[EventCountry "USA"]
[SourceTitle "CBM 079 Extra"]
[Source "ChessBase"]
[SourceDate "2001.01.11"]
[SourceVersion "2"]
[SourceVersionDate "2001.01.25"]
[SourceQuality "1"]

1. d4 d5 2. c4 c6 3. Nc3 Nf6 4. e3 Bg4 5. f3 Bd7 6. Qb3 Qb6 7. c5 Qc7 8. Bd3 b6 9. cxb6 axb6 10. Nge2 e6 11. e4 Be7 12. Bf4 Qa7 13. e5 Ng8 14. Qc2 h5 15. 0-0 Na6 16. a3 Nh6 17. Qd2 Nf5 18. Bg5 Bc8 19. b4 Bxg5 20. Qxg5 Qe7 21. Qd2 Nc7 22. Rfc1 0-0 23. Nd1 Bd7 24. Ne3 g6 25. Rc3 Ra7 26. Rac1 Rfa8 27. Nc2 Kg7 28. Nf4 Rh8 1/2-1/2

[Event "Koltanowski Memorial op"]
[Site "San Francisco"]
[Date "2000.12.14"]
[Round "1"]
[White "Stearns, Aaron"]
[Black "Lakdawala, Cyrus"]
[Result "1/2-1/2"]
[WhiteElo "2274"]
[BlackElo "2434"]
[PlyCount "59"]
[EventDate "2000.12.14"]
[EventType "swiss"]
[EventRounds "9"]
[EventCountry "USA"]
[SourceTitle "CBM 079 Extra"]
[Source "ChessBase"]
[SourceDate "2001.01.11"]
[SourceVersion "2"]
[SourceVersionDate "2001.01.25"]
[SourceQuality "1"]

1. e4 c5 2. Nf3 e6 3. d4 cxd4 4. Nxd4 Nf6 5. Nc3 Nc6 6. Ndb5 d6 7. Bf4 e5 8. Bg5 a6 9. Na3 b5 10. Nd5 Be7 11. Bxf6 Bxf6 12. Be2 Bb7 13. 0-0 0-0 14. c3 Bg5 15. Nc2 Nb8 16. a4 bxa4 17. Na3 Nd7 18. Nc4 Nc5 19. Ndb6 Rb8 20. Qxd6 Qxd6 21. Nxd6 Bc6 22. Nbc4 Rfd8 23. Rfd1 Be7 24. Nxf7 Rxd1+ 25. Rxd1 Bxe4 26. Nfxe5 Bf6 27. Nd7 Nxd7 28. Rxd7 Kf8 29. f3 Bf5 30. Rd6 1/2-1/2